| 000 | 01124nam a22002537a 4500 | ||
|---|---|---|---|
| 005 | 20170124102950.0 | ||
| 010 | _aA-411428 | ||
| 020 | _c80.00 | ||
| 035 | _aA-411428 | ||
| 037 | _bCen Lib/Ret | ||
| 040 |
_aDPL _bHN |
||
| 082 |
_aक _bसमका |
||
| 245 |
_aसमकालीन मराठी कहानियां / _cसंपादक चन्द्रकांत बांदिवेद्कर |
||
| 246 |
_aSamkaleen marathi kahaniyan / _bsampadak Chndrakant Baandivedkar |
||
| 260 |
_aउदयपुर _bराजिस्थान साहित्य अकादेमी _c1989 |
||
| 270 |
_bउदयपुर _aहिरंमग्री, सेक्टर-४ _e313001 |
||
| 300 |
_a251पृ. _c21सेमी(सजिल्द ) |
||
| 650 |
_aमराठी साहित्य _x _z _951476 |
||
| 650 |
_aमराठी कहानियां _92082 |
||
| 650 |
_aMarathi literature _930394 |
||
| 650 |
_aMarathi stories _951477 |
||
| 700 |
_aबांदिवेद्कर, चन्द्रकांत _951478 |
||
| 942 |
_2ddc _cHN _hक _mसमका |
||
| 999 |
_c113276 _d113276 |
||